[Event "Bilderberg 2007"]
[Site "Oosterbeek"]
[Date "2007.07.01"]
[Round "2"]
[White "Ruiter, T. de"]
[Black "Plijter, M.W.."]
[Result "1-0"]
[WhiteElo "2112"]
[BlackElo "1960"]
[PlyCount "97"]
[EventDate "2007.06.30"]
[SourceDate "2007.07.06"]

1. e4 e6 2. d4 d5 3. e5 c5 4. Nf3 Nc6 5. c3 Qb6 6. a3 a5 7. Bd3 Bd7 8. O-O cxd4
9. cxd4 Nxd4 10. Nxd4 Qxd4 11. Nc3 Qxe5 12. Re1 Qb8 13. Nxd5 Bd6 14. Nb6 Bc6
15. Nxa8 Qxa8 16. Be4 Qb8 17. Bxc6+ bxc6 18. h3 Nf6 19. Qc2 Qc7 20. Bd2 O-O 21.
Rac1 Rc8 22. Qa4 Qb6 23. Rc2 Bc5 24. Be3 Bxe3 25. Rxe3 Nd5 26. Rb3 Qd8 27. Rxc6
g6 28. Rf3 Rb8 29. Qd4 Qd7 30. Rc5 Qd8 31. b3 Qb6 32. Qc4 Qd8 33. g3 Kg7 34.
Qa4 Ra8 35. Qd4+ Kg8 36. Qa4 Kg7 37. Kh2 Qd7 38. Qb5 Qa7 39. Qc4 Qb7 40. Rb5
Qd7 41. Qd4+ Kg8 42. a4 Qc6 43. Qc5 Qa6 44. Rd3 Kg7 45. Rd2 Kg8 46. Rc2 Kg7 47.
Qd4+ Kg8 48. Rcc5 Qa7 49. Rc8+ 1-0

[Event "Bilderberg 2007"]
[Site "Oosterbeek"]
[Date "2007.07.01"]
[Round "2"]
[White "Wilmink, J.."]
[Black "Haitsma, A.H.."]
[Result "1/2-1/2"]
[WhiteElo "1942"]
[BlackElo "2013"]
[PlyCount "102"]
[EventDate "2007.06.30"]
[SourceDate "2007.07.06"]

1. d4 Nf6 2. c4 e6 3. Nc3 Bb4 4. e3 O-O 5. Bd3 c5 6. Nf3 d5 7. O-O dxc4 8. Bxc4
Nbd7 9. Bd3 Qe7 10. Ne4 Nxe4 11. Bxe4 Rd8 12. Qc2 h6 13. a3 Ba5 14. Rd1 Nf6 15.
Bd3 cxd4 16. Nxd4 Bd7 17. b4 Rac8 18. Qb3 Bc7 19. Bb2 Qe8 20. a4 a6 21. h3 e5
22. Nf5 Be6 23. Qa3 Rd7 24. e4 Nh5 25. g3 Bb6 26. a5 Bxf5 27. exf5 Bd4 28. b5
Bxb2 29. Qxb2 Rcd8 30. bxa6 bxa6 31. Bc2 Nf6 32. Qb6 Rxd1+ 33. Rxd1 Rxd1+ 34.
Bxd1 Qd7 35. Be2 Qxf5 36. Kg2 e4 37. Qxa6 Nd5 38. Qa8+ Kh7 39. a6 e3 40. fxe3
Nxe3+ 41. Kg1 Nd5 42. Qe8 Nc7 43. Qe3 Qxh3 44. a7 Kg8 45. Bd3 Qd7 46. Be4 Qa4
47. Kg2 Qa2+ 48. Kf3 Qa5 49. Qd3 g6 50. Qd8+ Kg7 51. a8=Q Qh5+ 1/2-1/2

[Event "Bilderberg 2007"]
[Site "Oosterbeek"]
[Date "2007.07.01"]
[Round "2"]
[White "Nagel, J.G.."]
[Black "Duijvesteijn, L.W.T.."]
[Result "1-0"]
[WhiteElo "1916"]
[BlackElo "1985"]
[PlyCount "61"]
[EventDate "2007.06.30"]
[SourceDate "2007.07.06"]

1. e4 g6 2. d4 Bg7 3. Bc4 d6 4. Ne2 Nf6 5. Ng3 c5 6. O-O cxd4 7. Qxd4 O-O 8.
Nc3 Nbd7 9. Bg5 h6 10. Bd2 Ng4 11. Qd3 Nde5 12. Qe2 Nxc4 13. Qxc4 Ne5 14. Qe2
Bd7 15. Kh1 Rc8 16. Rad1 a6 17. f4 Nc4 18. Bc1 Nxb2 19. Bxb2 Bxc3 20. Bxc3 Rxc3
21. f5 g5 22. f6 Kh7 23. e5 e6 24. Rxd6 Qc7 25. Ne4 Bb5 26. Nxg5+ Kg6 27. Qe4+
Kxg5 28. h4+ Kh5 29. Rf3 Rxf3 30. Qxf3+ Kxh4 31. Rd4+ 1-0

[Event "Bilderberg 2007"]
[Site "Oosterbeek"]
[Date "2007.07.01"]
[Round "2"]
[White "Mostertman, L.G.."]
[Black "Peut, A. van de"]
[Result "1/2-1/2"]
[WhiteElo "1980"]
[BlackElo "1924"]
[PlyCount "108"]
[EventDate "2007.06.30"]
[SourceDate "2007.07.06"]

1. e4 e6 2. d4 d5 3. Nd2 c5 4. Ngf3 Nc6 5. Bb5 a6 6. Bxc6+ bxc6 7. c3 Nf6 8. e5
Nd7 9. O-O Be7 10. Re1 O-O 11. Nf1 f6 12. exf6 Nxf6 13. Ne5 Qc7 14. Ng3 Bd6 15.
f4 Rb8 16. b3 cxd4 17. cxd4 c5 18. Be3 Bxe5 19. fxe5 Nd7 20. Rc1 a5 21. Qg4 Rb6
22. Nh5 Rf7 23. Qg3 Ba6 24. Re2 c4 25. Rf2 Nf8 26. Nf6+ Kh8 27. Ne8 Qe7 28. Nd6
Rxf2 29. Qxf2 Ng6 30. bxc4 dxc4 31. Qd2 Rb4 32. a3 Rb8 33. Qxa5 Ra8 34. Qb6 Qd7
35. Re1 Ne7 36. Qc5 Nd5 37. Bd2 Rb8 38. Bb4 h6 39. h3 Rb6 40. Ne4 Rc6 41. Qf8+
Kh7 42. Nc5 Qa7 43. Qe8 Qb6 44. Rf1 Rc8 45. Qxe6 Qxe6 46. Nxe6 c3 47. Rc1 Rc4
48. Nc5 Bc8 49. Ne4 Rxd4 50. Nxc3 Nxb4 51. axb4 Rxb4 52. Nd5 Rb5 53. Rxc8 Rxd5
54. e6 Re5 1/2-1/2

[Event "Bilderberg 2007"]
[Site "Oosterbeek"]
[Date "2007.07.02"]
[Round "3"]
[White "Caspel, R.D.J. van  "]
[Black "Markus, J.R.          ."]
[Result "1/2-1/2"]
[WhiteElo "2067"]
[BlackElo "2200"]
[PlyCount "125"]
[EventDate "2007.06.30"]
[SourceDate "2007.07.06"]

1. d4 g6 2. c4 Bg7 3. Nf3 d6 4. Nc3 e5 5. dxe5 dxe5 6. Qxd8+ Kxd8 7. Ng5 Ke8 8.
g3 Na6 9. Nb5 Bf8 10. Bg2 c6 11. Na3 f6 12. Ne4 f5 13. Nc3 Be6 14. b3 Bb4 15.
Bb2 Rd8 16. Nc2 Ba5 17. Rc1 h5 18. O-O Rh7 19. Rfd1 h4 20. Rxd8+ Bxd8 21. Rd1
Bc7 22. b4 Bxc4 23. b5 Nb8 24. bxc6 Nxc6 25. Ne3 Be6 26. Ned5 hxg3 27. hxg3 e4
28. Nf4 Bxf4 29. gxf4 Rd7 30. Rxd7 Kxd7 31. f3 exf3 32. Bxf3 Nge7 33. Kf2 b6
34. a3 Na5 35. e4 Nc4 36. Bc1 Nc6 37. e5 Nd4 38. Bd1 a6 39. Be3 Nxe3 40. Kxe3
Nc6 41. Bf3 Kc7 42. Nd5+ Bxd5 43. Bxd5 Ne7 44. Bf7 Kc6 45. Kd4 b5 46. Be8+ Kb6
47. e6 a5 48. Ke5 b4 49. axb4 axb4 50. Kd6 b3 51. Ba4 b2 52. Bc2 Nc8+ 53. Kd7
Kc5 54. e7 Nd6 55. Ke6 g5 56. fxg5 f4 57. g6 Ne8 58. Kd7 Ng7 59. e8=Q Nxe8 60.
Kxe8 f3 61. g7 f2 62. g8=Q f1=Q 63. Qf8+ 1/2-1/2

[Event "Bilderberg 2007"]
[Site "Oosterbeek"]
[Date "2007.07.02"]
[Round "3"]
[White "Berg, A.M.J. van den"]
[Black "Graaff, R.A.G. de"]
[Result "1/2-1/2"]
[WhiteElo "2169"]
[BlackElo "2155"]
[PlyCount "37"]
[EventDate "2007.06.30"]
[SourceDate "2007.07.06"]
[TimeControl "240+2"]

1. e4 d6 2. d4 Nf6 3. Nc3 Nbd7 4. g3 e5 5. Nge2 Be7 6. Bg2 O-O 7. O-O c6 8. a4
b6 9. b3 a6 10. Bb2 Re8 11. f4 Bb7 12. Qd2 b5 13. Rae1 Bf8 14. axb5 axb5 15.
Nd1 Qb6 16. Nf2 Ra2 17. Qc1 exd4 18. Bxd4 c5 19. Bxf6 1/2-1/2

[Event "Bilderberg 2007"]
[Site "Oosterbeek"]
[Date "2007.07.02"]
[Round "3"]
[White "Monté, P.J.."]
[Black "Piket, J.J.."]
[Result "1/2-1/2"]
[WhiteElo "2006"]
[BlackElo "2120"]
[PlyCount "58"]
[EventDate "2007.06.30"]
[SourceDate "2007.07.06"]

1. f4 d5 2. Nf3 g6 3. e3 Bg4 4. Be2 Bxf3 5. Bxf3 c6 6. O-O Bg7 7. d3 Nd7 8. Qe1
e5 9. Nc3 f5 10. e4 fxe4 11. dxe4 d4 12. Nd1 exf4 13. Bxf4 Ne5 14. Qg3 Qe7 15.
Nf2 Nh6 16. Nd3 Nhf7 17. h4 Nxd3 18. cxd3 Be5 19. Bd1 Bxf4 20. Rxf4 Ne5 21. Bb3
Rf8 22. Rxf8+ Kxf8 23. h5 Kg7 24. Rf1 Re8 25. Rf4 Rd8 26. Rf5 Re8 27. hxg6 hxg6
28. Rf4 Rf8 29. Rxf8 Kxf8 1/2-1/2

[Event "Bilderberg 2007"]
[Site "Oosterbeek"]
[Date "2007.07.02"]
[Round "3"]
[White "Scholten, K.R.        ."]
[Black "Grotenhuis, G.H.."]
[Result "1-0"]
[WhiteElo "1945"]
[BlackElo "2059"]
[PlyCount "69"]
[EventDate "2007.06.30"]
[SourceDate "2007.07.06"]

1. e4 d5 2. exd5 Qxd5 3. Nc3 Qd6 4. d4 Nf6 5. Nf3 a6 6. Be2 Nbd7 7. O-O b5 8.
a4 b4 9. Nb1 Bb7 10. c4 c5 11. Nbd2 a5 12. Re1 g6 13. Nb3 e6 14. h3 h6 15. Be3
Qc7 16. dxc5 e5 17. Qc2 Be4 18. Qc1 g5 19. Nfd2 Bb7 20. Qc2 Be7 21. Rac1 Rg8
22. Qf5 Ra6 23. Red1 Bc8 24. Qc2 g4 25. h4 Bb7 26. Bf1 g3 27. Qf5 Ng4 28. Ne4
gxf2+ 29. Bxf2 Nxf2 30. Nd6+ Bxd6 31. cxd6 Nxd1 32. dxc7 Ne3 33. Qe4 Nxg2 34.
Qxb7 Nxh4+ 35. Kh1 1-0

[Event "Bilderberg 2007"]
[Site "Oosterbeek"]
[Date "2007.07.02"]
[Round "3"]
[White "Huizinga, S.W.."]
[Black "Visser, G.M.."]
[Result "1/2-1/2"]
[WhiteElo "1870"]
[BlackElo "2019"]
[PlyCount "104"]
[EventDate "2007.06.30"]
[SourceDate "2007.07.06"]

1. e4 c5 2. Nf3 Nc6 3. d4 cxd4 4. Nxd4 Nf6 5. Nc3 e5 6. Ndb5 d6 7. Bg5 a6 8.
Na3 b5 9. Nd5 Be7 10. Bxf6 Bxf6 11. c3 O-O 12. Nc2 Bg5 13. a4 bxa4 14. Rxa4 Ne7
15. Nce3 Bb7 16. Nxe7+ Bxe7 17. Nd5 Kh8 18. Be2 f5 19. exf5 Rxf5 20. O-O e4 21.
Rd4 Bf8 22. Ne3 Rg5 23. Bc4 Rb8 24. Qe2 a5 25. b3 Qe8 26. Rfd1 Qg6 27. Qc2 Re8
28. Bd5 Bxd5 29. Rxd5 h5 30. Rxg5 Qxg5 31. Rd5 Re5 32. c4 Be7 33. Qc3 Rxd5 34.
cxd5 h4 35. Qc8+ Kh7 36. Qf5+ Qg6 37. Qxg6+ Kxg6 38. Nc4 Kf5 39. Nxa5 h3 40.
Nc6 Bg5 41. g3 Kg4 42. Kf1 e3 43. f4 Bxf4 44. gxf4 Kxf4 45. Ke2 g5 46. Nd4 g4
47. b4 Ke4 48. Nc2 g3 49. Nxe3 gxh2 50. Nf1 h1=N 51. b5 Kxd5 52. Kf3 Kc5
1/2-1/2

[Event "Bilderberg 2007"]
[Site "Oosterbeek"]
[Date "2007.07.02"]
[Round "3"]
[White "Speijer, N.B.."]
[Black "Oosthout , W.L.."]
[Result "1-0"]
[WhiteElo "2133"]
[BlackElo "1950"]
[PlyCount "41"]
[EventDate "2007.06.30"]
[SourceDate "2007.07.06"]

1. e4 e5 2. f4 exf4 3. Nf3 Be7 4. Bc4 Nf6 5. e5 Ng4 6. d4 d5 7. exd6 Qxd6 8.
Nc3 c6 9. O-O O-O 10. h3 Ne3 11. Bxe3 fxe3 12. Ne5 e2 13. Qxe2 Bf6 14. Nxf7
Qxd4+ 15. Kh1 b5 16. Bb3 b4 17. Rad1 Qh4 18. Ne4 Ba6 19. Nxf6+ gxf6 20. Qe7
Bxf1 21. Nh6+ 1-0

[Event "Bilderberg 2007"]
[Site "Oosterbeek"]
[Date "2007.07.02"]
[Round "3"]
[White "Brongers, H.R.        ."]
[Black "Böhm, H.."]
[Result "1-0"]
[WhiteElo "2072"]
[BlackElo "2265"]
[PlyCount "81"]
[EventDate "2007.06.30"]
[SourceDate "2007.07.06"]

1. e4 Nf6 2. e5 Nd5 3. d4 d6 4. c4 Nb6 5. exd6 cxd6 6. Nc3 g6 7. Be3 Bg7 8. Rc1
Nc6 9. Be2 O-O 10. b3 f5 11. d5 Ne5 12. f4 Ng4 13. Bxg4 fxg4 14. Nge2 Bf5 15.
O-O Nd7 16. Re1 Qa5 17. Bd4 Nf6 18. Ng3 Rf7 19. Nxf5 gxf5 20. g3 a6 21. a4 Rc8
22. Qd3 Ne8 23. Ne2 Kf8 24. Kg2 Rc7 25. Bxg7+ Nxg7 26. Nd4 Ke8 27. Re2 Kd8 28.
Rh1 Kc8 29. h3 gxh3+ 30. Rxh3 h5 31. Ne6 Nxe6 32. Rxe6 b5 33. axb5 axb5 34.
Rxh5 bxc4 35. Rh8+ Kb7 36. bxc4 Rc8 37. Qb3+ Kc7 38. Rxc8+ Kxc8 39. Re2 Qc7 40.
Qa4 Kd8 41. Rb2 1-0

[Event "Bilderberg 2007"]
[Site "Oosterbeek"]
[Date "2007.07.02"]
[Round "3"]
[White "Goossen, T.P.."]
[Black "Etmans, M.D.."]
[Result "0-1"]
[WhiteElo "2060"]
[BlackElo "2186"]
[PlyCount "98"]
[EventDate "2007.06.30"]
[SourceDate "2007.07.06"]

1. e4 Nf6 2. Nc3 d5 3. e5 Ne4 4. f4 Bf5 5. Nf3 e6 6. d3 Nc5 7. Nd4 Nc6 8. Be3
Nxd4 9. Bxd4 Nd7 10. Be2 h5 11. Bf2 g6 12. g3 Bh3 13. Qd2 a6 14. Bf1 Bxf1 15.
Kxf1 Be7 16. Re1 c5 17. h4 Qc7 18. Ne2 O-O-O 19. c3 f6 20. d4 Kb8 21. Kg2 Ka8
22. Rhf1 Rc8 23. Ng1 fxe5 24. dxe5 Nb8 25. Qd3 Rhg8 26. Nf3 Nc6 27. Ng5 Bxg5
28. hxg5 Ne7 29. b4 cxb4 30. Qe3 Qb8 31. cxb4 Rc4 32. b5 d4 33. Qa3 Nd5 34.
bxa6 b5 35. Qd3 Qb6 36. Kg1 Ne7 37. Rb1 Rgc8 38. Rfd1 Nf5 39. Qe4+ Ka7 40. Qb7+
Qxb7 41. axb7 R8c5 42. Rd2 Kxb7 43. Kg2 Kc6 44. Kf3 Rc3+ 45. Ke4 R5c4 46. Rb3
Re3+ 47. Bxe3 dxe3+ 48. Kf3 exd2 49. Rd3 Rd4 0-1

[Event "Bilderberg 2007"]
[Site "Oosterbeek"]
[Date "2007.07.02"]
[Round "3"]
[White "Arp, F.L.."]
[Black "Ruiter, T. de"]
[Result "0-1"]
[WhiteElo "2118"]
[BlackElo "2112"]
[PlyCount "110"]
[EventDate "2007.06.30"]
[SourceDate "2007.07.06"]

1. e4 e6 2. d4 d5 3. Nc3 Nf6 4. e5 Nfd7 5. Nf3 c5 6. Bg5 Qb6 7. dxc5 Nxc5 8.
Bb5+ Bd7 9. a4 Nc6 10. O-O a6 11. Bxc6 Bxc6 12. Qd4 Nd7 13. Qh4 h6 14. Nb5 Bxb5
15. axb5 Qxb5 16. Nd4 Qb6 17. Nf3 Qc7 18. Rfe1 Rg8 19. Bd2 Be7 20. Qh5 Bc5 21.
b4 Bf8 22. Nd4 g6 23. Qh3 Qb6 24. c3 g5 25. b5 a5 26. Be3 Nc5 27. Qh5 Rg6 28.
Qe2 Qc7 29. b6 Qxb6 30. Reb1 Qa6 31. Nb5 Rc8 32. c4 Be7 33. cxd5 exd5 34. Qd2
Qe6 35. Qxa5 Kf8 36. Bd4 Kg8 37. Qa7 b6 38. Nd6 Bxd6 39. Rxb6 Qg4 40. exd6 Qxd4
41. d7 Rf8 42. Rxg6+ fxg6 43. Rf1 Ne6 44. Qa6 Qf6 45. f3 Nd8 46. Qb5 Qc6 47.
Qxc6 Nxc6 48. Rd1 d4 49. Rc1 Nd8 50. Rc4 Ne6 51. Kf1 Rd8 52. g3 Rxd7 53. Rc6
Kf7 54. Ke2 d3+ 55. Kd2 Nd4 0-1

[Event "Bilderberg 2007"]
[Site "Oosterbeek"]
[Date "2007.07.02"]
[Round "3"]
[White "Zuidema, C.."]
[Black "Nagel, J.G.."]
[Result "1-0"]
[WhiteElo "2404"]
[BlackElo "1916"]
[PlyCount "91"]
[EventDate "2007.06.30"]
[SourceDate "2007.07.06"]

1. e4 e5 2. Nf3 Nc6 3. Bb5 a6 4. Ba4 Nf6 5. O-O Be7 6. Re1 b5 7. Bb3 d6 8. c3
O-O 9. h3 Na5 10. Bc2 c5 11. d4 Qc7 12. Nbd2 Bd7 13. Nf1 Rac8 14. d5 b4 15. Ne3
bxc3 16. bxc3 g6 17. Qe2 Bb5 18. c4 Bd7 19. Bd2 Rb8 20. Bc3 Rfc8 21. g4 Bd8 22.
Nd2 Ne8 23. Rf1 Ng7 24. f4 exf4 25. Rxf4 Bg5 26. Rff1 Nb7 27. Nf3 Be7 28. Kg2
f6 29. Ne1 Rf8 30. Nd3 Nd8 31. Rf2 Ne8 32. Nf4 Nf7 33. Ne6 Bxe6 34. dxe6 Ne5
35. Nd5 Qa7 36. Raf1 Ng7 37. g5 Nxe6 38. gxf6 Bd8 39. Bxe5 dxe5 40. Qg4 Qf7 41.
Ba4 Rb7 42. Bc6 Rb8 43. Ne7+ Kh8 44. Bd5 Rb6 45. Nc6 Re8 46. Bxe6 1-0

[Event "Bilderberg 2007"]
[Site "Oosterbeek"]
[Date "2007.07.02"]
[Round "3"]
[White "Vogel, J.            ."]
[Black "Mostertman, L.G.."]
[Result "1-0"]
[WhiteElo "2214"]
[BlackElo "1980"]
[PlyCount "63"]
[EventDate "2007.06.30"]
[SourceDate "2007.07.06"]

1. Nf3 c5 2. g3 g6 3. c3 Bg7 4. d4 d5 5. Bg2 Nc6 6. O-O Qb6 7. dxc5 Qxc5 8. Na3
e5 9. Be3 Qa5 10. c4 d4 11. Bd2 Qd8 12. e3 Nge7 13. exd4 exd4 14. Bf4 O-O 15.
Qd2 Nf5 16. Rfe1 Be6 17. Ng5 Bd7 18. Ne4 b6 19. Nb5 Rc8 20. b3 Be6 21. g4 Nfe7
22. h3 Qd7 23. Ng5 a6 24. Nd6 Rcd8 25. Nde4 d3 26. Rad1 a5 27. Bg3 Nd4 28. Qf4
Nc2 29. Nf6+ Bxf6 30. Qxf6 Qd4 31. Be5 Qxf2+ 32. Kxf2 1-0

[Event "Bilderberg 2007"]
[Site "Oosterbeek"]
[Date "2007.07.02"]
[Round "3"]
[White "Leeuwen , E. van"]
[Black "Wilmink, J.."]
[Result "0-1"]
[WhiteElo "2047"]
[BlackElo "1942"]
[PlyCount "74"]
[EventDate "2007.06.30"]
[SourceDate "2007.07.06"]

1. e4 c5 2. Nf3 d6 3. d4 cxd4 4. Nxd4 Nf6 5. Nc3 g6 6. Be3 Bg7 7. f3 O-O 8. Qd2
Nc6 9. Bc4 Bd7 10. O-O-O Ne5 11. Bb3 Rc8 12. h4 Nc4 13. Bxc4 Rxc4 14. h5 Nxh5
15. Nde2 Qa5 16. Bh6 Bxc3 17. Nxc3 Rfc8 18. Qg5 Qxg5+ 19. Bxg5 f6 20. Be3 b6
21. Rd2 Be6 22. g4 Ng7 23. Rh6 Rxc3 24. bxc3 Rxc3 25. Bd4 Rxf3 26. Rdh2 Bxg4
27. R6h4 h5 28. Rd2 Ne6 29. Rhh2 Ng5 30. c3 Nxe4 31. Rb2 e5 32. Bxb6 axb6 33.
Rxb6 Rxc3+ 34. Kb2 Rd3 35. a4 Nc5 36. Rb8+ Kf7 37. a5 Bf3 0-1

[Event "Bilderberg 2007"]
[Site "Oosterbeek"]
[Date "2007.07.02"]
[Round "3"]
[White "Haitsma, A.H.."]
[Black "Hajenius, W.D.."]
[Result "1/2-1/2"]
[WhiteElo "2013"]
[BlackElo "1967"]
[PlyCount "132"]
[EventDate "2007.06.30"]
[SourceDate "2007.07.06"]

1. d4 f5 2. g3 Nf6 3. Bg2 g6 4. Nf3 Bg7 5. O-O O-O 6. c4 d6 7. Nc3 c6 8. Re1
Ne4 9. Qc2 d5 10. Bf4 Na6 11. Be5 Be6 12. Bxg7 Kxg7 13. c5 Nc7 14. e3 h6 15.
Ne5 Bg8 16. Ne2 g5 17. b4 a6 18. f3 Nf6 19. Bh3 e6 20. a4 Qe8 21. Bg2 Qh5 22.
Qd2 Bh7 23. Ra3 Kh8 24. Rb3 Qe8 25. Nc3 h5 26. Bf1 f4 27. exf4 gxf4 28. Qxf4
Ng4 29. Qg5 Rf5 30. Qd2 Nxe5 31. Rxe5 Rxf3 32. Be2 Rf5 33. Qe3 Qf7 34. Rxf5
Qxf5 35. Qf3 Qg5 36. Nd1 Qg7 37. Qe3 Rf8 38. Bd3 Bxd3 39. Rxd3 Rf5 40. Qe2 e5
41. dxe5 Rxe5 42. Re3 Rxe3 43. Qxh5+ Qh7 44. Qxh7+ Kxh7 45. Nxe3 d4 46. Nf5 d3
47. Kf2 Nd5 48. Nd6 b6 49. cxb6 Nxb6 50. Ke3 Nxa4 51. Kxd3 c5 52. b5 axb5 53.
Nxb5 Nb2+ 54. Ke4 Nd1 55. Nd6 Nb2 56. Kd5 Nd3 57. Ne4 Ne1 58. Kxc5 Nf3 59. h3
Ng1 60. Nf2 Kg6 61. Kd5 Kh5 62. g4+ Kh4 63. Ke4 Nxh3 64. Kf5 Nxf2 65. g5 Ng4
66. g6 Nh6+ 1/2-1/2

[Event "Bilderberg 2007"]
[Site "Oosterbeek"]
[Date "2007.07.02"]
[Round "3"]
[White "Peut, A. van de"]
[Black "Duijvesteijn, L.W.T.."]
[Result "1-0"]
[WhiteElo "1924"]
[BlackElo "1985"]
[PlyCount "33"]
[EventDate "2007.06.30"]
[SourceDate "2007.07.06"]

1. e4 g6 2. d4 Bg7 3. Be3 d6 4. Nc3 Nf6 5. f3 O-O 6. Qd2 e5 7. d5 Qe7 8. O-O-O
a6 9. g4 b5 10. Nge2 h5 11. h3 c5 12. Bg5 Nbd7 13. gxh5 gxh5 14. Ng3 Qe8 15.
Nf5 b4 16. Nb1 Nb6 17. Nxg7 1-0

[Event "Bilderberg 2007"]
[Site "Oosterbeek"]
[Date "2007.07.02"]
[Round "3"]
[White "Plijter, M.W.."]
[Black "Sep, C.J.P.."]
[Result "1/2-1/2"]
[WhiteElo "1960"]
[BlackElo "1971"]
[PlyCount "111"]
[EventDate "2007.06.30"]
[SourceDate "2007.07.06"]

1. e4 c5 2. d4 cxd4 3. c3 dxc3 4. Nxc3 Nc6 5. Bc4 a6 6. Nf3 e6 7. O-O Nge7 8.
Bf4 Ng6 9. Bg3 Be7 10. e5 O-O 11. Re1 b5 12. Bb3 Qb6 13. Rc1 f5 14. exf6 Bxf6
15. Bd6 Be7 16. Nd5 exd5 17. Qxd5+ Kh8 18. Bxe7 Ncxe7 19. Rxe7 Bb7 20. Qxd7
Nxe7 21. Qxe7 Bxf3 22. gxf3 Qg6+ 23. Kf1 Rae8 24. Qh4 Qd3+ 25. Kg1 Qxf3 26. Bc2
h6 27. Rf1 Re5 28. Bd1 Qf6 29. Qxf6 Rxf6 30. f3 g5 31. Kg2 Rd6 32. Kg3 Rd2 33.
Bb3 h5 34. Rc1 Ree2 35. Rc8+ Kg7 36. Rg8+ Kh7 37. Rxg5 Rxh2 38. Kf4 Rxb2 39.
Rc5 Kg7 40. Kf5 Rxb3 41. Rc7+ Kf8 42. axb3 Rb2 43. Rc3 b4 44. Rd3 Rc2 45. Kf6
Rc6+ 46. Kg5 Rc3 47. Rd6 Rxf3 48. Rxa6 Rxb3 49. Kxh5 Ke7 50. Kg4 Kd7 51. Kf4
Kc7 52. Ke4 Kb7 53. Rh6 Rg3 54. Kd4 b3 55. Rh1 Kb6 56. Kc4 1/2-1/2

[Event "Bilderberg 2007"]
[Site "Oosterbeek"]
[Date "2007.07.03"]
[Round "4"]
[White "Markus, J.R.          ."]
[Black "Scholten, K.R.        ."]
[Result "1-0"]
[WhiteElo "2200"]
[BlackElo "1945"]
[PlyCount "163"]
[EventDate "2007.06.30"]
[SourceDate "2007.07.06"]

1. d4 Nf6 2. Nf3 e6 3. e3 c5 4. c3 b6 5. Nbd2 Bb7 6. Bd3 Be7 7. O-O Nc6 8. a3
Qc7 9. e4 d6 10. Re1 Rd8 11. Qe2 e5 12. d5 Nb8 13. Nf1 Nbd7 14. Ng3 g6 15. h3
Bf8 16. Bg5 h6 17. Bd2 Bg7 18. c4 O-O 19. Nh2 Rb8 20. h4 Bc8 21. a4 Kh7 22. Rf1
Qd8 23. f4 exf4 24. Bxf4 Ne5 25. Bxe5 dxe5 26. h5 Ne8 27. Rxf7 Rxf7 28. hxg6+
Kxg6 29. Qh5+ Kh7 30. Qxf7 Rb7 31. Qh5 Nd6 32. Rf1 Qe8 33. Qxe8 Nxe8 34. b3 Nd6
35. Nf3 Rf7 36. Re1 Bg4 37. Nh2 Bd7 38. Be2 Bf6 39. Nh5 Bg5 40. Bg4 Kg6 41.
Bxd7 Kxh5 42. Bf5 Bf4 43. g4+ Kg5 44. Nf3+ Kf6 45. Kg2 Ke7 46. Rh1 Rg7 47. Nh4
Bg5 48. Kf3 Rg8 49. Ng2 Nb7 50. Ne3 Rf8 51. Rd1 Rf6 52. Nf1 Na5 53. Rd3 Bf4 54.
Ng3 Rd6 55. Nh5 Bg5 56. Be6 Nb7 57. Ng7 Rd8 58. Nf5+ Kf6 59. Ng3 Ke7 60. Bf5
Kf7 61. Nh1 Ke7 62. Nf2 Nd6 63. Nh3 Bf6 64. Nf2 Nb7 65. Ke2 Bg5 66. Rh3 Na5 67.
Rd3 Nb7 68. Kd1 Kf6 69. Kc2 Kg7 70. Nh1 Nd6 71. Ng3 Kf6 72. Rf3 Rf8 73. Rf1 Ke7
74. Ra1 a5 75. Rh1 Ne8 76. Ne2 Nf6 77. Nc3 Ne8 78. Nb5 Rf6 79. Rd1 Bf4 80. Na7
Nd6 81. Nc6+ Ke8 82. Rh1 1-0

[Event "Bilderberg 2007"]
[Site "Oosterbeek"]
[Date "2007.07.03"]
[Round "4"]
[White "Graaff, R.A.G. de"]
[Black "Caspel, R.D.J. van  "]
[Result "1/2-1/2"]
[WhiteElo "2155"]
[BlackElo "2067"]
[PlyCount "36"]
[EventDate "2007.06.30"]
[SourceDate "2007.07.06"]

1. d4 g6 2. e4 c6 3. c4 d5 4. exd5 Bg7 5. Nc3 cxd5 6. cxd5 Nf6 7. Bb5+ Nbd7 8.
Nf3 O-O 9. O-O Nb6 10. Bf4 a6 11. Be2 Nbxd5 12. Be5 e6 13. Qb3 Qb6 14. Qa3 Bd7
15. Nd2 Bc6 16. Nc4 Qa7 17. Rfd1 b5 18. Nxd5 Bxd5 1/2-1/2

[Event "Bilderberg 2007"]
[Site "Oosterbeek"]
[Date "2007.07.03"]
[Round "4"]
[White "Etmans, M.D.."]
[Black "Brongers, H.R.        ."]
[Result "1/2-1/2"]
[WhiteElo "2186"]
[BlackElo "2072"]
[PlyCount "78"]
[EventDate "2007.06.30"]
[SourceDate "2007.07.06"]

1. e4 c6 2. d4 d5 3. e5 Bf5 4. Nf3 e6 5. a3 Nd7 6. Bd3 Bxd3 7. Qxd3 c5 8. c3
Ne7 9. O-O c4 10. Qe2 h6 11. Ne1 Nf5 12. Nc2 Qh4 13. Ne3 g6 14. Nd2 Rc8 15. f4
Kd8 16. Rb1 Nxe3 17. Qxe3 Qh5 18. b3 cxb3 19. Rxb3 Nb6 20. Bb2 Be7 21. a4 Rc7
22. a5 Nc8 23. Rc1 g5 24. Ba3 gxf4 25. Bxe7+ Nxe7 26. Qxf4 Qe2 27. Qf2 Qxf2+
28. Kxf2 Nc6 29. Ra1 Ke7 30. Ke3 Rg8 31. g3 f6 32. exf6+ Kxf6 33. Kd3 Rg5 34.
Rb5 Rf5 35. Rc5 a6 36. Rf1 Rxf1 37. Nxf1 Rd7 38. Ne3 h5 39. h3 Rg7 1/2-1/2

[Event "Bilderberg 2007"]
[Site "Oosterbeek"]
[Date "2007.07.03"]
[Round "4"]
[White "Ruiter, T. de"]
[Black "Berg, A.M.J. van den"]
[Result "1/2-1/2"]
[WhiteElo "2112"]
[BlackElo "2169"]
[PlyCount "57"]
[EventDate "2007.06.30"]
[SourceDate "2007.07.06"]

1. e4 d6 2. d4 Nf6 3. f3 c5 4. c3 Nbd7 5. Be3 b6 6. Qd2 e6 7. Na3 Be7 8. Nh3
O-O 9. Be2 a6 10. O-O Bb7 11. Rfd1 Rc8 12. b4 cxb4 13. cxb4 b5 14. Rac1 Rxc1
15. Rxc1 Nb6 16. Nf2 d5 17. e5 Nfd7 18. Nd3 Nc4 19. Nxc4 dxc4 20. Nc5 Bxc5 21.
bxc5 f6 22. exf6 Nxf6 23. Bf4 Re8 24. Bd6 Nd5 25. a3 c3 26. Rxc3 Nxc3 27. Qxc3
Qg5 28. Be5 Rc8 29. Kf2 1/2-1/2

[Event "Bilderberg 2007"]
[Site "Oosterbeek"]
[Date "2007.07.03"]
[Round "4"]
[White "Visser, G.M.."]
[Black "Speijer, N.B.."]
[Result "1/2-1/2"]
[WhiteElo "2019"]
[BlackElo "2133"]
[PlyCount "105"]
[EventDate "2007.06.30"]
[SourceDate "2007.07.06"]

1. e4 e6 2. d4 d5 3. Nc3 Nf6 4. e5 Nfd7 5. Nf3 c5 6. Bg5 Qb6 7. dxc5 Nxc5 8.
Bb5+ Bd7 9. a4 Nc6 10. O-O h6 11. Bh4 a6 12. a5 Qc7 13. Bxc6 Bxc6 14. Nd4 Nd7
15. Nxe6 Qc8 16. Nxf8 Kxf8 17. Re1 Nc5 18. Nxd5 g5 19. Bg3 Qf5 20. Ne3 Qg6 21.
Qd6+ Qxd6 22. exd6 h5 23. Be5 Rg8 24. Nf5 Rg6 25. Ne7 Re6 26. Nxc6 bxc6 27. Bd4
Nd7 28. Rxe6 fxe6 29. Re1 Kf7 30. c4 Rb8 31. Bc3 c5 32. f3 Rc8 33. h4 Rc6 34.
Rd1 gxh4 35. Be1 Rc8 36. Kh2 Rg8 37. Rd3 e5 38. b4 cxb4 39. Bxb4 e4 40. fxe4
Ne5 41. Rd5 Ke6 42. c5 Ng4+ 43. Kh3 Nf2+ 44. Kxh4 Nxe4 45. Rxh5 Rxg2 46. Kh3
Rb2 47. Rh6+ Kd7 48. Rh7+ Kd8 49. Rh8+ Kd7 50. Be1 Nxc5 51. Bg3 Rd2 52. Rh7+
Kc6 53. Rh5 1/2-1/2

[Event "Bilderberg 2007"]
[Site "Oosterbeek"]
[Date "2007.07.03"]
[Round "4"]
[White "Piket, J.J.."]
[Black "Huizinga, S.W.."]
[Result "1-0"]
[WhiteElo "2120"]
[BlackElo "1870"]
[PlyCount "53"]
[EventDate "2007.06.30"]
[SourceDate "2007.07.06"]

1. d4 Nf6 2. Bg5 e6 3. e4 h6 4. Bxf6 Qxf6 5. Nf3 c5 6. e5 Qd8 7. d5 d6 8. Nc3
exd5 9. Qxd5 Nc6 10. O-O-O Be6 11. Qe4 Be7 12. exd6 Bg5+ 13. Nxg5 Qxg5+ 14. f4
Qf5 15. Bb5 O-O 16. Qxf5 Bxf5 17. Rd5 Bd7 18. Rxc5 a6 19. Ba4 b5 20. Bb3 Nd4
21. Bd5 Rad8 22. Rd1 Nf5 23. Bb7 Be6 24. Bxa6 b4 25. Nd5 Bxd5 26. Rdxd5 Nxd6
27. Rc6 1-0